Understanding Philippine history: (Record no. 8653)

MARC details
000 -LEADER
fixed length control field 00849nam a22002297a 4500
003 - CONTROL NUMBER IDENTIFIER
control field OSt
005 - DATE AND TIME OF LATEST TRANSACTION
control field 20260306015117.0
008 - FIXED-LENGTH DATA ELEMENTS--GENERAL INFORMATION
fixed length control field 260306b |||||||| |||| 00| 0 eng d
020 ## - INTERNATIONAL STANDARD BOOK NUMBER
International Standard Book Number 9786218035652
040 ## - CATALOGING SOURCE
Original cataloging agency DWCL - Main Lib.
Transcribing agency OC
082 ## - DEWEY DECIMAL CLASSIFICATION NUMBER
Classification number Fil. 959.9 R788u 2020
100 ## - MAIN ENTRY--PERSONAL NAME
Personal name Rosales, Amalia C.
245 ## - TITLE STATEMENT
Title Understanding Philippine history:
Remainder of title readings and discourse /
Statement of responsibility, etc. Amalia C. Rosales [and two others]
260 ## - PUBLICATION, DISTRIBUTION, ETC.
Place of publication, distribution, etc. Quezon City, Metro Manila :
Name of publisher, distributor, etc. Lorimar Publishing,
Date of publication, distribution, etc. c2020.
300 ## - PHYSICAL DESCRIPTION
Extent ix, 240 pages :
Other physical details illustrations (chiefly colored) ;
Dimensions 25cm.
504 ## - BIBLIOGRAPHY, ETC. NOTE
Bibliography, etc. note Includes bibliographical references and appendices.
650 ## - SUBJECT ADDED ENTRY--TOPICAL TERM
Topical term or geographic name entry element 1. Philippine history -- Study and teaching.
650 ## - SUBJECT ADDED ENTRY--TOPICAL TERM
Topical term or geographic name entry element 2. Philippines -- History.
700 ## - ADDED ENTRY--PERSONAL NAME
Personal name I. Sebastian, Raul Roland
700 ## - ADDED ENTRY--PERSONAL NAME
Personal name II. Viray, Joseph Reylan B.
942 ## - ADDED ENTRY ELEMENTS (KOHA)
Source of classification or shelving scheme Dewey Decimal Classification
Koha item type Book-Filipiniana
Suppress in OPAC No
952 ## - LOCATION AND ITEM INFORMATION (KOHA)
--
Holdings
Withdrawn status Lost status Source of classification or shelving scheme Damaged status Not for loan Home library Current library Shelving location Date acquired Source of acquisition Total Checkouts Full call number Barcode Date last seen Copy number Price effective from Koha item type Uniform Resource Identifier
    Dewey Decimal Classification     Junior High School Library Junior High School Library Filipiniana 02/23/2026 School Fund   Fil. 959.9 R788u 2020 JHS - 21539 03/06/2026 c1 03/06/2026 BK - FIL